000 002420000a22000970004500
100 1 _aFernández, Gracia
245 1 0 _aIrak : Tierra de las Mil batallas
300 _aVol. 72, Núm 72 (1994), Páginas 52-53
773 0 _tCambio 16
942 _cANA
999 _c58750
_d58750